Normal view
MARC view
- Narain Sarju And Maurya Abhilash Singh
Entry Personal Name
001 - CONTROL NUMBER
- control field: 40329
003 - CONTROL NUMBER IDENTIFIER
- control field: OSt
005 - DATE AND TIME OF LATEST TRANSACTION
- control field: 20260509162911.0
008 - FIXED-LENGTH DATA ELEMENTS
- fixed length control field: 260509|| aca||aabn | a|a d
040 ## - CATALOGING SOURCE
- Original cataloging agency: OSt
- Transcribing agency: OSt
100 ## - HEADING--PERSONAL NAME
- Personal name: Narain Sarju And Maurya Abhilash Singh
670 ## - SOURCE DATA FOUND
- Source citation: Work cat.: (OSt)90295: Narain Sarju And Maurya Abhilash Singh , Communication Skills ( Theory, Practical & Practice Questionaire ), 2026




